Normal view
MARC view
Entry Personal Name
001 - CONTROL NUMBER
- control field: 46090
003 - CONTROL NUMBER IDENTIFIER
- control field: dpl
005 - DATE AND TIME OF LATEST TRANSACTION
- control field: 20120501115956.0
008 - FIXED-LENGTH DATA ELEMENTS
- fixed length control field: 120501|||a|||||| | ||| d
040 ## - CATALOGING SOURCE
- Original cataloging agency: dpl
- Transcribing agency: dpl
100 ## - HEADING--PERSONAL NAME
- Personal name: Rajeev, P.V.
670 ## - SOURCE DATA FOUND
- Source citation: Work cat.: (dpl): Rajeev, P.V., India the emerging economic super-power :, 1998
670 ## - SOURCE DATA FOUND
- Source citation: Work cat.: (dpl): Rajeev, P.V., India the emerging economic super-power :, 1998
